000 01854nam a2200361Ia 4500
001 Para_10261
003 CHAP
008 220125s2013 xx 000 0 und d
010 _a208949
020 _a9789684182769 (Colección) \ 9789684182776 (v.1) \ 9789684182783 (v.2) \ 9789684182790 (v.3) \ 9789684182806 (v.4) \ 9789684182813 (v.5) \ 9789684182820 (v.6) \ 9789684182837 (v.7) \ 9789684182844 (v.8)
040 _cCHAP
082 _aPA 410 P63 2013
245 _aEl poder del lenguaje /
_c Haydée de Parra... [et al]
260 _aMéxico :
_b Ediciones Culturales Internacionales
300 _a8 v.
505 _aContenido: v. 1. La gramática y sus componentes / Haydée de Parra -- v. 2. Los verbos y sus conjugaciones : 100 modelos conjugados y más de 10,000 verbos de uso cotidiano / Haydée de Parra -- v. 3. Escribir bien / Gloria María Sierra V. -- v. 4. Reglas de ortografía / Haydée de Parra -- v. 5. Aumente su vocabulario / Haydée de Parra -- v. 6. Análisis de lectura y escritos / Carlos Andrés Montañés -- v. 7. Estudiar, comprender y memorizar / Patricia Nieto -- v. 8. Hablar en público : ¡comunique, impacte y convenza / Andrés montañés G.
650 _aComunicación oral
_926238
650 _aEscritura.
_9157149
650 _aEspañol
_x
_x Enseñanza
_9175257
650 _aEspañol.
_x
_x Ortografía
_9175258
700 _aI.Parra de, Haydée, coaut.
_9175259
700 _aII.Sierra V., Gloria María, coaut.
_9175260
700 _aIII.Montañés, Carlos Andrés, coaut.
_9175261
700 _aIV.Nieto, Patricia, coaut.
_9175262
700 _aV.Muñoz G., Andrés, coaut.
_9175263
901 _aPA 410 P63 2013
902 _aA
905 _a5232202013N an 8000000300 06
910 _a2013
942 _cPARA
942 _cPARA
_d1
999 _c208949
_d208949